El arte de la encuesta: cómo realizarla y evaluarla sin ser especialista

Guardat en:
Dades bibliogràfiques
Autors principals: Harvatopoulos, Yannis (Autor), Levin, Yves frédéric (Autor), Sarnin, Philippe (Autor)
Format: Llibre
Idioma:espanyol
Publicat: Madrid Deusto 1992
Matèries:
Etiquetes: Afegir etiqueta
Sense etiquetes, Sigues el primer a etiquetar aquest registre!

MARC

LEADER 00000nam a2200000 a 4500
001 UCU4883
003 CL-VaPUC
008 960531e19920000SP |||||||||||||||||spa|d
082 0 4 |a 001.42  |b HAR  |2 21 
100 0 |a Harvatopoulos, Yannis  |e author  |9 362602 
700 0 |a Levin, Yves frédéric  |e author  |9 362603 
700 0 |a Sarnin, Philippe  |e author  |9 362604 
245 1 3 |a El arte de la encuesta: cómo realizarla y evaluarla sin ser especialista 
300 |a 135 p 
942 |c BK 
945 |d 19960531 00:00:00  |a rbrito 
260 |a Madrid  |b Deusto  |c 1992 
650 0 |a Encuestas   |9 259666 
650 7 |a ENCUESTAS POR MOSTREO  |2 CL-VaPUC  |9 362605 
650 0 |a Análisis de encuestas  |9 338797 
650 7 |a CAPACITACION PARA LA INVESTIGACION  |2 CL-VaPUC  |9 362607 
650 7 |a INVESTIGACION DE CAMPO  |2 CL-VaPUC  |9 335943 
650 7 |a DATOS DE ENCUESTA  |2 CL-VaPUC  |9 361852 
583 |a last modification  |c 19960531 00:00:00  |k Rodrigo Vera 
999 |c 248411  |d 248409 
952 |0 0  |1 0  |4 0  |6 001_420000000000000_HAR_1992  |7 0  |8 A  |9 265021  |a BIBEDU  |b BIBEDU  |d 2019-11-19  |i 3203417  |o 001.42 HAR 1992  |p 3203417  |r 2019-11-19  |w 2019-11-19  |y BK  |k PSI